000 00747nam a22002057a 4500
005 20240704171211.0
010 _aENG-140752
020 _c355.00
_a9788179308899
035 _aEN-124284
082 _a004
100 _aGautam, Pradeep
_968170
245 _aQuestion Bank:
_bCOMPUTER AWARENESS/
_hEnglish
_cby Pradeep Gautam [and] Kalpana Rajaram
250 _aSecond
260 _aNew Delhi
_bSPECTRUM BOOKS (P) LTD.
_c2024
270 _aA1 291, First Floor, Janakpuri,
_bNew Delhi
_e110058
_k25507922
_k25623501
_k25611640
_k9958327924
_minfo@spectrumbooksonline.in
300 _a356 p.
_c24cm (Pb)
700 _aRajaram, Kalpana
_968106
942 _2ddc
_cEN
_h004
_mGAW
999 _c203941
_d203941